|
|
|
|
| LEADER |
00000nab a2200000 a 4500 |
| 001 |
vtls001494111 |
| 003 |
SK-MaSNL |
| 005 |
20260304022752.0 |
| 008 |
050216c2005 xo wr|p|||||||000 b|slo |
| 015 |
|
|
|a SLLK2005
|2 sllk
|
| 038 |
|
|
|a SLLK
|
| 040 |
|
|
|a SLLK
|b slo
|c SLLK
|e AACR2
|
| 041 |
0 |
|
|a slo
|
| 044 |
|
|
|a xo
|c SK
|
| 080 |
|
|
|a 684.4
|2 UDC-MRF-SK2
|
| 100 |
0 |
|
|a (eo)
|4 aut
|9 848588
|
| 245 |
1 |
0 |
|a Pre budúcich spracovateľov dreva
|c [autor] (eo)
|
| 610 |
1 |
7 |
|a Stará Ľubovňa (Slovensko)
|b Mestský úrad
|b Oddelenie regionálneho rozvoja
|2 sllk
|9 1045280
|
| 650 |
0 |
7 |
|a Európske stretnutie mladých dizajnérov na slovensko-poľskej hranici
|x projekt
|2 sllk
|9 1302007
|
| 650 |
0 |
7 |
|a nábytkárstvo
|2 sllk
|9 20525
|
| 650 |
0 |
7 |
|a dizajn
|2 sllk
|9 762
|
| 651 |
|
7 |
|a Stará Ľubovňa (Slovensko)
|2 sllk
|9 19193
|
| 773 |
0 |
|
|t Ľubovnianske noviny
|g Roč. XXXI, č. 3 (2005) s. 1
|
| 852 |
|
|
|a SLLK
|b KIS3GCP
|
| 999 |
|
|
|c 2612921
|d 2614851
|